000 00408pab a2200157 454500
008 180718b2011 xxu||||| |||| 00| 0 eng d
100 _aNiraj Kumar
245 _aLearning contract farming the banana way: A case study
260 _c2011
300 _ap.121-131.
362 _aApr and Oct
650 _aAgriculture
773 _aInternational Journal of Rural Management
908 _aN
909 _a97641
999 _c97640
_d97640